Imbalances and debt crisis in the Euro Area
Analýza niektorých vybraných makroekonomických ukazovateľov v členských štátoch EÚ, ale hlavne v štátoch eurozóny za obdobie od 1995 do 2012. Výsledky kvantitatívnej analýzy ukazujú trend vnútorných a vonkajších ekonomických nerovnováh v rámci členských štátov eurozóny. Charakteristika štatisticky v...
Saved in:
| Main Author: | |
|---|---|
| Format: | Book Chapter |
| Language: | English |
| Subjects: | |
| Tags: |
No Tags, Be the first to tag this record!
|
MARC
| LEADER | 00000naa a2200000 4500 | ||
|---|---|---|---|
| 001 | 0188913 | ||
| 005 | 20231208073619.7 | ||
| 041 | 0 | |a eng | |
| 044 | |a SK | ||
| 245 | 1 | 0 | |a Imbalances and debt crisis in the Euro Area |c Juraj Sipko |
| 520 | |a Analýza niektorých vybraných makroekonomických ukazovateľov v členských štátoch EÚ, ale hlavne v štátoch eurozóny za obdobie od 1995 do 2012. Výsledky kvantitatívnej analýzy ukazujú trend vnútorných a vonkajších ekonomických nerovnováh v rámci členských štátov eurozóny. Charakteristika štatisticky významného korelačného vzťahu medzi makro- a mikroekonomickými ukazovateľmi, napr. verejného dlhu a bežného účtu platobnej bilancie, ako aj nerovnováhy v rámci platobného systému TARGET2. Na zabezpečenie udržateľného, stabilného a vyrovnaného hospodárskeho rastu v štátoch eurozóny bude potrebné prijať komplexnú agendu pre štrukturálne reformy, ďalej bude potrebné prijať strednodobé fiškálne konsolidačné plány vrátane vytvorenia bankovej únie. | ||
| 610 | 2 | 0 | |a eurozóna |
| 610 | 2 | 0 | |a kríza finančná |
| 610 | 2 | 0 | |a ukazovatele makroekonomické |
| 610 | 2 | 0 | |a analýza korelačná |
| 610 | 2 | 0 | |a bilancia platobná |
| 100 | 1 | |a Sipko, Juraj | |